Motion and time study: improving productivity (Record no. 225595)

MARC details
000 -LEADER
fixed length control field 00407nam a2200157Ia 4500
008 - FIXED-LENGTH DATA ELEMENTS--GENERAL INFORMATION
fixed length control field 230917s9999||||xx |||||||||||||| ||und||
040 ## - CATALOGING SOURCE
-- 63027
Original cataloging agency VIVEKANANDA LIBRARY
041 ## - Language
-- English
082 ## - DDC NUMBER
Classification number 658.5423 M923M
100 ## - MAIN ENTRY--PERSONAL NAME
Personal name Mundel, Marvin E
245 #0 - TITLE STATEMENT
Title Motion and time study: improving productivity
250 ## - EDITION STATEMENT
Edition statement 5th ed.
260 ## - PUBLICATION, DISTRIBUTION, ETC. (IMPRINT)
Place of publication, distribution, etc New Delhi
Name of publisher, distributor, etc Prentice-Hall
Date of publication, distribution, etc 1981
300 ## - PHYSICAL DESCRIPTION
Pages xvii, 750 p.
942 ## - ADDED ENTRY ELEMENTS (KOHA)
Koha item type Books
Holdings
Withdrawn status Lost status Damaged status Not for loan Location (home branch) Sublocation or collection (holding branch) Shelving location Date acquired Koha issues (times borrowed) Koha full call number Accession No. Koha date last seen Koha item type
        VIVEKANANDA LIBRARY VIVEKANANDA LIBRARY IMSAR Library 21/02/2003   658.5423 M923M 92537 17/09/2023 Books
        VIVEKANANDA LIBRARY VIVEKANANDA LIBRARY IMSAR Library 21/02/2003   658.5423 M923M 92538 17/09/2023 Books
        VIVEKANANDA LIBRARY VIVEKANANDA LIBRARY IMSAR Library 21/02/2003   658.5423 M923M 92539 17/09/2023 Books
        VIVEKANANDA LIBRARY VIVEKANANDA LIBRARY   21/02/2003   658.5423 M923M 92540 17/09/2023 Books
© Designed and Maintained by Vivekananda Library, MDU Rohtak